Catálogo de malezas de México / (Record no. 200731)
[ view plain ]
| 000 -CABECERA | |
|---|---|
| campo de control de longitud fija | 01027nam a2200325Ia 4500 |
| 001 - NÚMERO DE CONTROL | |
| campo de control | Para_2098 |
| 003 - IDENTIFICADOR DEL NÚMERO DE CONTROL | |
| campo de control | CHAP |
| 008 - DATOS DE LONGITUD FIJA--INFORMACIÓN GENERAL | |
| campo de control de longitud fija | 220125s9999 xx 000 0 und d |
| 010 ## - NÚMERO DE CONTROL DE LA BIBLIOTECA DEL CONGRESO | |
| Número de control de LC | 200731 |
| 020 ## - NÚMERO INTERNACIONAL ESTÁNDAR DEL LIBRO | |
| Número Internacional Estándar del Libro | 968-16-5878-7 |
| 040 ## - FUENTE DE LA CATALOGACIÓN | |
| Centro/agencia transcriptor | CHAP |
| 082 ## - NÚMERO DE LA CLASIFICACIÓN DECIMAL DEWEY | |
| Número de clasificación | PA 632.58 V555 |
| 100 ## - ENTRADA PRINCIPAL--NOMBRE DE PERSONA | |
| Nombre de persona | Villaseñor Ríos, José Luis |
| 9 (RLIN) | 119700 |
| 245 ## - MENCIÓN DE TÍTULO | |
| Título | Catálogo de malezas de México / |
| Mención de responsabilidad, etc. | José Luis Villaseñor Ríos, Francisco J. Espinosa García |
| 260 ## - PUBLICACIÓN, DISTRIBUCIÓN, ETC. | |
| Lugar de publicación, distribución, etc. | México : |
| Nombre del editor, distribuidor, etc. | FCE |
| 300 ## - DESCRIPCIÓN FÍSICA | |
| Extensión | 449 p. |
| 440 ## - MENCIÓN DE SERIE/PUNTO DE ACCESO ADICIONAL--TÍTULO | |
| Título | Ediciones Científicas Universitarias. Serie Texto Científico Universitario |
| 9 (RLIN) | 129874 |
| 500 ## - NOTA GENERAL | |
| Nota general | Incluye referencias bibliográficas e índice |
| 503 ## - NOTA DE HISTORIA BIBLIOGRÁFICA (BK CF MU) [OBSOLETO] | |
| Nota de historia bibliográfica | C/e (ej.1) |
| 650 ## - PUNTO DE ACCESO ADICIONAL DE MATERIA--TÉRMINO DE MATERIA | |
| Término de materia o nombre geográfico como elemento de entrada | Malas hierbas |
| 9 (RLIN) | 69996 |
| 650 ## - PUNTO DE ACCESO ADICIONAL DE MATERIA--TÉRMINO DE MATERIA | |
| Término de materia o nombre geográfico como elemento de entrada | Malezas |
| Subdivisión general | México |
| -- | Catalogos |
| 9 (RLIN) | 165588 |
| 700 ## - PUNTO DE ACCESO ADICIONAL--NOMBRE DE PERSONA | |
| Nombre de persona | Espinosa García, Francisco J., coaut. |
| 9 (RLIN) | 165589 |
| 901 ## - ELEMENTOS DE DATOS A LOCAL LDA (RLIN) | |
| a | PA 632.58 V555 |
| 902 ## - ELEMENTOS DE DATOS B LOCAL, LDB (RLIN) | |
| a | M |
| 905 ## - ELEMENTOS DE DATOS E LOCAL, LDE (RLIN) | |
| a | 223220 1998 mx x 8000000300spa26 |
| 910 ## - DATOS DE OPCIÓN DEL USUARIO (OCLC) | |
| Datos de opción del usuario | |
| 942 ## - ELEMENTOS DE PUNTO DE ACCESO ADICIONAL (KOHA) | |
| Tipo de ítem Koha | Parasitologia_ |
| 942 ## - ELEMENTOS DE PUNTO DE ACCESO ADICIONAL (KOHA) | |
| Tipo de ítem Koha | Parasitologia_ |
| -- | 1 |
| Estado de retiro | Estado de pérdida | Fuente del sistema de clasificación o colocación | Estado dañado | Restricciones de uso | No para préstamo | Código de colección | Localización permanente | Ubicación/localización actual | Fecha de adquisición | Número de inventario | Total de préstamos | Signatura topográfica completa | Código de barras | Fecha visto por última vez | Número de copia | Precio válido a partir de | Tipo de ítem Koha | Nota pública | Fecha del último préstamo |
|---|---|---|---|---|---|---|---|---|---|---|---|---|---|---|---|---|---|---|---|
| Dewey Decimal Classification | Préstamo 3 días | General | Parasitologia Agricola | Parasitologia Agricola | 02/09/2019 | (PA_010745) (No. UACh C/E) | PA 632.58 V555 | 4102002205 | 25/01/2022 | Ej.6 | 25/01/2022 | Libro | 3 | ||||||
| Dewey Decimal Classification | Préstamo interno | General | Parasitologia Agricola | Parasitologia Agricola | 27/10/2005 | (PA_7807) (No. UACh C/E) | PA 632.58 V555 | 4102002200 | 25/01/2022 | Ej.1 | 25/01/2022 | Libro | 3 | ||||||
| Dewey Decimal Classification | Préstamo 3 días | General | Parasitologia Agricola | Parasitologia Agricola | 16/02/2006 | (PA_8900) (No. UACh C/E) | PA 632.58 V555 | 4102002201 | 25/01/2022 | Ej.2 | 25/01/2022 | Libro | 3 | ||||||
| Dewey Decimal Classification | Préstamo 3 días | General | Parasitologia Agricola | Parasitologia Agricola | 10/12/2008 | (PA_09420) (No. UACh C/E) | PA 632.58 V555 | 4102002202 | 25/01/2022 | Ej.3 | 25/01/2022 | Libro | 3 | ||||||
| Dewey Decimal Classification | Préstamo 3 días | General | Parasitologia Agricola | Parasitologia Agricola | 02/09/2019 | (PA_010743) (No. UACh C/E) | 2 | PA 632.58 V555 | 4102002203 | 23/03/2023 | Ej.4 | 25/01/2022 | Libro | 3 | 20/03/2023 | ||||
| Dewey Decimal Classification | Préstamo interno | General | Parasitologia Agricola | Parasitologia Agricola | 02/09/2019 | (PA_010744) (No. UACh C/E) | PA 632.58 V555 | 4102002204 | 25/01/2022 | Ej.5 | 25/01/2022 | Libro | 3 |
